• 首页
  • 本馆介绍
  • 公告通知
  • 最新文献
  • 馆藏检索
  • 电子资源
  • 读者导购
  • 参考咨询
  • 我的图书馆
  • 登录
  • 详细信息显示
  • 放入我的书架
  • 预约/预借图书
  • 作者相关作品
  • 分类相关作品
  • 丛书相关作品
  • 出版社相关作品

书目信息

  • 表格格式
  • 工作单格式
  • 卡片格式
题名:
核医学
    
 
作者: 段炼 主编
分册:  
出版信息: 南京   江苏科学技术出版社  2013
页数: 180页
开本: 29cm
丛书名:
单 册:
中图分类: R81
科图分类:
主题词: 核医学--医学院校--教材
电子资源:
ISBN: 978-7-5537-0458-6
000 00907nam0 2200253 450
001 2366101697
005 20231215182206.81
010    @a978-7-5537-0458-6@d29.90CNY
090    @aR81@bdl
096    @aR81@bdl
100    @a20130220d2013 em y0chiy0120 ea
101 0  @achi
102    @aCN@b320000
105    @aa z 000yy
200 1  @a核医学@Ahe yi xue@f段炼主编
210    @a南京@c江苏科学技术出版社@d2013
215    @a180页@c彩图,图@d29cm
300    @a5+3临床医学本科教材
330    @a核医学是临床医学的临床课程。本学科是一个进展较快的学科,也是个专业性很强的学科。其教学重点与难点每年都会发生变化,对进入临床有极高的指导意义。本教材着眼于基层临床全科医生的教学与培养,在基础与发展的衔接上独具匠心,有所突破,能适应于专业的未来发展。
606 0  @a核医学@x医学院校@j教材
690    @aR81@v5
701  0 @a段炼@Aduan lian@c(医学)@4主编
801  2 @aCN@b辽宁北配@c20231205
905    @aBZT@dR81@e14
    
    核医学/段炼主编.-南京:江苏科学技术出版社,2013
    180页:彩图,图;29cm
    5+3临床医学本科教材
    
    ISBN 978-7-5537-0458-6:29.90CNY
    核医学是临床医学的临床课程。本学科是一个进展较快的学科,也是个专业性很强的学科。其教学重点与难点每年都会发生变化,对进入临床有极高的指导意义。本教材着眼于基层临床全科医生的教学与培养,在基础与发展的衔接上独具匠心,有所突破,能适应于专业的未来发展。
●
相关链接 在五车中查询图书 在当当中查询图书 在豆瓣中查询图书


正题名:核医学     索取号:R81/14         预约/预借

序号 登录号 条形码 馆藏地/架位号 状态 备注
1 2001620272   2001620272   辽三/辽宁北配(第三批)/2546/ [索取号:R81/14] 在馆    
2 2001620273   2001620273   辽三/辽宁北配(第三批)/2546/ [索取号:R81/14] 在馆    
3 2001620274   2001620274   辽三/辽宁北配(第三批)/2546/ [索取号:R81/14] 在馆    
4 2001620275   2001620275   辽三/辽宁北配(第三批)/2546/ [索取号:R81/14] 在馆    
5 2001620276   2001620276   辽三/辽宁北配(第三批)/2546/ [索取号:R81/14] 在馆    
6 2001620277   2001620277   辽三/辽宁北配(第三批)/2546/ [索取号:R81/14] 在馆    
7 2001620278   2001620278   辽三/辽宁北配(第三批)/2546/ [索取号:R81/14] 在馆    
8 2001620279   2001620279   辽三/辽宁北配(第三批)/2546/ [索取号:R81/14] 在馆    
9 2001620280   2001620280   辽三/辽宁北配(第三批)/2546/ [索取号:R81/14] 在馆    
10 2001620281   2001620281   辽三/辽宁北配(第三批)/2546/ [索取号:R81/14] 在馆    
11 2001620282   2001620282   辽三/辽宁北配(第三批)/2546/ [索取号:R81/14] 在馆    
12 2001620283   2001620283   辽三/辽宁北配(第三批)/2546/ [索取号:R81/14] 在馆    
13 2001620284   2001620284   辽三/辽宁北配(第三批)/2546/ [索取号:R81/14] 在馆    
14 2001620285   2001620285   辽三/辽宁北配(第三批)/2546/ [索取号:R81/14] 在馆    
15 2001620286   2001620286   辽三/辽宁北配(第三批)/2546/ [索取号:R81/14] 在馆    
16 2001620287   2001620287   辽三/辽宁北配(第三批)/2546/ [索取号:R81/14] 在馆    
17 2001620288   2001620288   辽三/辽宁北配(第三批)/2546/ [索取号:R81/14] 在馆    
18 2001620289   2001620289   辽三/辽宁北配(第三批)/2546/ [索取号:R81/14] 在馆    
19 2001620290   2001620290   辽三/辽宁北配(第三批)/2546/ [索取号:R81/14] 在馆    
20 2001620291   2001620291   辽三/辽宁北配(第三批)/2546/ [索取号:R81/14] 在馆    
21 2001620292   2001620292   辽三/辽宁北配(第三批)/2546/ [索取号:R81/14] 在馆    
22 2001620293   2001620293   辽三/辽宁北配(第三批)/2546/ [索取号:R81/14] 在馆    
23 2001620294   2001620294   辽三/辽宁北配(第三批)/2546/ [索取号:R81/14] 在馆    
24 2001620295   2001620295   辽三/辽宁北配(第三批)/2546/ [索取号:R81/14] 在馆    
25 2001620296   2001620296   辽三/辽宁北配(第三批)/2546/ [索取号:R81/14] 在馆    
26 2001620297   2001620297   辽三/辽宁北配(第三批)/2546/ [索取号:R81/14] 在馆    
27 2001620298   2001620298   辽三/辽宁北配(第三批)/2546/ [索取号:R81/14] 在馆    
28 2001620299   2001620299   辽三/辽宁北配(第三批)/2546/ [索取号:R81/14] 在馆    
29 2001620300   2001620300   辽三/辽宁北配(第三批)/2546/ [索取号:R81/14] 在馆    
30 2001620301   2001620301   辽三/辽宁北配(第三批)/2546/ [索取号:R81/14] 在馆    
山东省滨州职业学院图书馆 欢迎您!
大连网信软件有限公司© 版权所有